000 00797nam a22002057a 4500
999 _c12647
_d12647
003 AR-CdUCM
008 190409b ||||| |||| 00| 0 spa d
040 _aMUNICIPALIDAD PROVINCIAL DEL CUSCO
_cBIBLIOTECA MUNICIPAL DEL CUSCO
082 _a343.332 /
_bE81
100 _aEscudero G., L.
_930592
245 _aLey orgánica del poder judicial :
_bLey orgánica del ministerio publico /
260 _aLima :
_bEddili,
_c1984.
300 _a230 páginas ;
_c17 cm.
505 _aContenido: Garantías de la administración de justicia -- De la jurisdicción -- De los jueces en general -- De la carrera judicial -- Uniformes, asistencias, honores ...
650 _aPoder judicial
_96955
650 _aLegislación
_92962
650 _aPerú
_935
942 _2ddc
_cLIBROS
945 _aacv
_d2019-04-09